De linguae latinae elegantia /

Shranjeno v:
Bibliografske podrobnosti
Glavni avtor: Valla, Lorenzo (autor.)
Drugi avtorji: López Moreda, Santiago (Editor)
Format: eKnjiga
Jezik:španščina
Izdano: Cáceres : Servicio de Publicaciones de la Universidad de Extremadura, 1999.
Teme:
Online dostop:https://elibro.unach.elogim.com/es/lc/unach/titulos/289467
Oznake: Označite
Brez oznak, prvi označite!

MARC

LEADER 00000nam a2200000 i 4500
001 ELB289467
003 FINmELB
005 20251206021500.0
006 m o d |
007 cr cnu||||||||
008 251206s1999 sp o 001 0 spa d
020 |a 9788477233565  |q (e-book) 
035 |a (OCoLC)1564682043 
040 |a FINmELB  |b spa  |e rda  |c FINmELB 
050 4 |a PA2087  |b L67 1999 
080 |a 811.124 
082 0 4 |a 470.5  |2 23 
100 1 |a Valla, Lorenzo,  |e autor. 
245 1 0 |a De linguae latinae elegantia /  |c Lorenzo Valla ; edición de Santiago López Moreda. 
264 1 |a Cáceres :  |b Servicio de Publicaciones de la Universidad de Extremadura,  |c 1999. 
300 |a 1 recurso en línea (125 páginas) 
336 |a texto  |b txt  |2 rdacontent/spa 
337 |a computadora  |b c  |2 rdamedia/spa 
338 |a recurso en línea  |b cr  |2 rdacarrier/spa 
500 |a Incluye índice. 
588 |a Descripción basada en metadatos suministrados por el editor y otras fuentes. 
590 |a Recurso electrónico. Santa Fe, Arg.: elibro, 2025. Disponible vía World Wide Web. El acceso puede estar limitado para las bibliotecas afiliadas a elibro. 
650 4 |a Latín  |x Estilo. 
655 4 |a Libros electrónicos. 
700 1 |a López Moreda, Santiago,  |e editor. 
797 2 |a elibro, Corp. 
856 4 0 |u https://elibro.unach.elogim.com/es/lc/unach/titulos/289467